Rationalisierungsmittelbau-Wegbereiter der Schlüsseltechnologien
Saved in:
| Format: | Book |
|---|---|
| Language: | German |
| Published: |
Berlin
Dietz
1987
|
| Edition: | 1. Aufl. |
| Tags: |
No Tags, Be the first to tag this record!
|
MARC
| LEADER | 00000nam a2200000 4500 | ||
|---|---|---|---|
| 001 | c022432 | ||
| 005 | 20221219111238.3 | ||
| 041 | 0 | |a ger | |
| 044 | |a DE | ||
| 245 | 1 | 0 | |a Rationalisierungsmittelbau-Wegbereiter der Schlüsseltechnologien |
| 250 | |a 1. Aufl. | ||
| 264 | 1 | |a Berlin |b Dietz |c 1987 | |
| 300 | |a 77 s. | ||